000 00767nam a2200217Ii 4500
003 JO-AjNU
008 230605s9999||||xx |||||||||||||| ||und||
017 _a1971/5784
040 _aJO-AjNU
_bara
_erda
_cJO-AjNU
041 _aara
050 1 4 _aBP131.B362 1971
100 3 _aالباقلاني، لأبي بكر؛ دراسة وتحقيق محمد زغلول سلام,
_eauthor
_915564
245 0 0 _aنكت الأنتصار لنقل القرآن
264 3 1 _aالاسكندرية: منشأة المعارف، 1971
300 _a441ص
336 _atext
_btxt
_2rdacontent
337 _aunmediated
_bn
_2rdamedia
338 _avolume
_bnc
_2rdacarrier
490 0 _aكتب الدراسات القرانية 1
650 4 _aالقران - جمع وتدوين
_915565
999 _aA4425
_c7993
_d7993